General Genius Quiz #1 - Statistics

General Stats
  • This quiz has been taken 18 times
  • The average score is 3 of 11
Answer Stats
Category Question Answer % Correct
Science What are the three states of matter? Solid, liquid and gas.
80%
Geography What is the only U.S. state that borders just one other? Maine.
70%
History How many legitimate children did King George III have? 15
40%
Holiday What does Cinco de Mayo celebrate? Mexico’s victory over the French at the Battle of Puebla in 1862.
40%
Music What year was the first Grammy Awards held? 1959
30%
American history The bald eagle is the national bird of the United States … but in this context, bald doesn’t mean hairless. The bald part of the bird’s name comes from an Old English word meaning what? White.
30%
Disney What year did Walt Disney World open? 1971
20%
Pop culture What was the original name of the band Led Zeppelin? The New Yardbirds.
20%
TV show What are the names of the four Golden Girls? Dorothy, Rose, Blanche and Sophia
10%
Animal How many scent receptors do dogs have in their noses? (in millions) 300 million
0%
Movie In which movie did the song “White Christmas” make its debut? Holiday Inn.
0%
No matching quizzes found
Score Distribution
Percent of People with Each Score
Percentile by Number Answered
Your Score History
You have not taken this quiz